| 000 | 00943nam a2200253 i 4500 | ||
|---|---|---|---|
| 001 | 2186431 | ||
| 003 | EG-ScBUE | ||
| 005 | 20250701085335.0 | ||
| 008 | 721116s1974 ii a f b 001 0 eng | ||
| 040 |
_aEG-ScBUE _beng _erda _cEG-ScBUE _dEG-ScBUE |
||
| 082 | 0 | 4 |
_a537 _bNAR _222 |
| 100 | 1 |
_aNarayana Rao, Nannapaneni, _eauthor. _97685 |
|
| 245 | 1 | 0 |
_aBasic electromagnetics with applications / _cNannapaneni Narayana Rao, Department of Electrical Engineering, University of Illinois at Urbana-Champaign. |
| 264 | 1 |
_aNew Delhi : _bPrentice-Hall of India Private Limited, _c1974. |
|
| 300 |
_axi, 563 pages : _billustrations ; _c25 cm |
||
| 336 |
_2rdacontent _atext _btxt |
||
| 337 |
_aunmediated _2rdamedia _bn |
||
| 338 |
_avolume _bnc _2rdacarrier |
||
| 500 | _aIncludes appendix. | ||
| 504 | _aIncludes bibliographical references and index. | ||
| 650 | 7 |
_aElectromagnetic theory. _97686 _2BUEsh |
|
| 655 | _vReading book | ||
| 942 |
_2ddc _cBB |
||
| 999 |
_c12233 _d12233 |
||